Every 100,000+ City in Egypt in Order - Statistics

General Stats
  • This quiz has been taken 37 times
    9 since last reset
  • The average score is 13 of 89
Answer Stats
Letter Population City % Correct
A 6,195,379 Alexandria
100%
C 23,064,955 Cairo
100%
G 5,104,228 Giza
100%
P-S 810,277 Port Said
100%
S 840,035 Suez
100%
L 550,002 Luxor
71%
A 411,861 Aswan
57%
D 524,227 Damietta
57%
H 228,803 Hurghada
57%
M 788,545 Mansoura
57%
10-O-R 285,682 10th of Ramadan
43%
A 557,303 Asyut
43%
F 561,250 Faiyum
43%
I 613,101 Ismailia
43%
N-C 361,060 New Cairo
43%
S-E-K 1,508,297 Shubra El Kheima
43%
Z 504,919 Zagazig
43%
6-O-O 408,222 6th of October
29%
B-S 320,059 Beni Suef
29%
E-M-E-K 472,028 El-Mahalla El-Kubra
29%
Q 341,197 Qena
29%
S 325,144 Sohag
29%
T 731,445 Tanta
29%
A 207,202 Arish
14%
D 335,185 Damanhour
14%
M 394,883 Minya
14%
15-O-M 112,303 15th of May
0%
A-T 105,414 Abu Tig
0%
A 426,080 Agami
0%
A 217,743 Akhmim
0%
A-F 106,306 Al Fashn
0%
A-W 103,782 Al Wasta
0%
A 155,049 Ashmoun
0%
A 125,847 Ausim
0%
B 350,662 Banha
0%
B 114,385 Belkas
0%
B-M 242,350 Beni Mazar
0%
B 128,268 Bilbeis
0%
B 106,449 Biyala
0%
B-E-A 148,303 Borg El Arab
0%
D 127,314 Dayrout
0%
D 142,484 Dekernes
0%
D 150,338 Desouk
0%
D 102,800 Dishna
0%
E 114,450 Edfu
0%
E-H 160,010 El Hawamdeya
0%
E-M 121,550 El Mansha
0%
E-M 163,996 El Manzala
0%
E-Q 125,758 El Qantara
0%
E-Q 119,704 El Quseyya
0%
E-S 152,747 El-Senbellawein
0%
E-W 126,486 El Wasta
0%
E 104,760 Esna
0%
F 127,100 Faqous
0%
G 154,460 Girga
0%
I 130,029 Idku
0%
K-A-Z 132,651 Kafr Al-Zayyat
0%
K-E-D 296,121 Kafr El-Dawar
0%
K-E-S 210,044 Kafr-El-Sheikh
0%
K 102,776 Kharga
0%
K 107,480 Khusus
0%
K 100,592 Kirdasah
0%
K-O 122,417 Kom Ombo
0%
M 109,596 Maghagha
0%
M 221,314 Mallawi
0%
M 130,492 Manfalut
0%
M-M 415,493 Marsa Matruh
0%
M 104,220 Matai
0%
M 150,302 Menouf
0%
M-A-Q 110,067 Minya al-Qamh
0%
M-G 170,029 Mit Ghamr
0%
O 138,987 Obour
0%
P-F 108,053 Port Fuad
0%
Q 183,731 Qalyub
0%
Q 101,453 Qus
0%
R-E-B 123,035 Ras El-Bar
0%
R 111,433 Rosetta
0%
S 115,199 Sadat
0%
S 189,050 Samalut
0%
S-Z 422,357 Sheikh Zayed
0%
S 105,158 Sherbin
0%
S-E-K 208,339 Shibin El Kom
0%
S 120,030 Shuhada
0%
S 179,013 Sinnuris
0%
T 191,278 Tahta
0%
T 113,025 Tala
0%
T 205,372 Talkha
0%
T 108,111 Tima
0%
Z 138,404 Zefta
0%
No matching quizzes found
Score Distribution
Percent of People with Each Score
Percentile by Number Answered
Your Score History
You have not taken this quiz since the last reset